Управление человеческим капиталом в системе SAP HR; Проблемы геологии и освоения недр; Т. 2

Dettagli Bibliografici
Parent link:Проблемы геологии и освоения недр: труды XVI Международного симпозиума имени академика М. А. Усова студентов и молодых ученых, Томск, 2-7 апреля 2012 г./ Национальный исследовательский Томский политехнический университет (ТПУ), Институт природных ресурсов (ИПР) ; Общество инженеров-нефтяников, Студенческий чаптер ; под ред. О. Г. Савичева.— , 2012
Т. 2.— 2012.— [С. 690-693]
Autore principale: Гадзиковская К. А. Ксения Алексеевна
Altri autori: Гаман Л. А. Лолита Александровна (научный руководитель), Боярко Г. Ю. Григорий Юрьевич
Riassunto:Заглавие с титульного листа
Lingua:russo
Pubblicazione: 2012
Serie:Экономика минерального и углеводородного сырья. Горное право
Soggetti:
Accesso online:http://www.lib.tpu.ru/fulltext/c/2012/C11/V2/326.pdf
Natura: Elettronico Capitolo di libro
KOHA link:https://koha.lib.tpu.ru/cgi-bin/koha/opac-detail.pl?biblionumber=238478

MARC

LEADER 00000nla2a2200000 4500
001 238478
005 20231031205146.0
035 |a (RuTPU)RU\TPU\book\259670 
035 |a RU\TPU\book\259667 
090 |a 238478 
100 |a 20130527d2012 k y0rusy50 ca 
101 0 |a rus 
102 |a RU 
105 |a y z 100zy 
135 |a drcn ---uucaa 
181 0 |a i  
182 0 |a b 
200 1 |a Управление человеческим капиталом в системе SAP HR  |b Электронный ресурс  |f К. А. Гадзиковская, Л. А. Гаман  |g науч. рук. Г. Ю. Боярко 
203 |a Текст  |c электронный 
215 |a 1 файл (335 Кб) 
225 1 |a Экономика минерального и углеводородного сырья. Горное право 
230 |a Электронные текстовые данные (1 файл : 335 Кб) 
300 |a Заглавие с титульного листа 
320 |a [Библиогр.: с. 693 (13 назв.)] 
337 |a Adobe Reader 
461 1 |0 (RuTPU)RU\TPU\book\252494  |t Проблемы геологии и освоения недр  |o труды XVI Международного симпозиума имени академика М. А. Усова студентов и молодых ученых, Томск, 2-7 апреля 2012 г.  |o в 2 т.  |f Национальный исследовательский Томский политехнический университет (ТПУ), Институт природных ресурсов (ИПР) ; Общество инженеров-нефтяников, Студенческий чаптер ; под ред. О. Г. Савичева  |d 2012 
463 1 |0 (RuTPU)RU\TPU\book\252518  |t Т. 2  |v [С. 690-693]  |d 2012 
610 1 |a труды учёных ТПУ 
610 1 |a электронный ресурс 
610 1 |a человеческий капитал 
610 1 |a управление 
610 1 |a SAP HR 
610 1 |a SAP 
610 1 |a нефтегазовые компании 
700 1 |a Гадзиковская  |b К. А.  |g Ксения Алексеевна 
701 1 |a Гаман  |b Л. А.  |g Лолита Александровна 
702 1 |a Боярко  |b Г. Ю.  |c экономист  |c заведующий кафедрой Томского политехнического университета, доктор экономических наук  |f 1954-  |g Григорий Юрьевич  |2 stltpush  |4 727 
801 1 |a RU  |b 63413507  |c 20130205 
801 2 |a RU  |b 63413507  |c 20170315  |g RCR 
856 4 |u http://www.lib.tpu.ru/fulltext/c/2012/C11/V2/326.pdf 
942 |c CF